00858nam a2200145 a 450000100100000000500170001000800410002704000250006808200150009311000720010824501560018026000940033630000200043050002620045000004467420201002045539.0141216s2012 dr 000 0 spa d aDO-SdBNPbspacBNPHU axxxxbxxxx1 aRepública DominicanabPoder JudicialbJurisdicción Inmobiliaria10aGuía de la jurisdicción inmobiliaria :bdirectorio de los tribunales, registros de títulos, mensuras, abogado del estado e información general. aSanto Domingo :bPoder Judicial,bDirección Nacional de Registro de Títulos,c[2012]. a42 p. ;c21 cm. aPublicación especial auspiciada por la dirección nacional de registro de títulos de la República Dominicana, bajo la supervisión de la directora nacional, Dra. Rosabell Castillo expresamente autorizada por su autor Dr. Wilson S. Gómez Ramírez.